Basic Food Microbiology (Record no. 86253)

MARC details
000 -LEADER
fixed length control field 00312pam a2200145 a 4500
020 ## - INTERNATIONAL STANDARD BOOK NUMBER
Terms of availability
041 ## - LANGUAGE CODE
Language code of text/sound track or separate title eng
082 ## - DEWEY DECIMAL CLASSIFICATION NUMBER
Classification number 576.163
Item number BAN
100 ## - MAIN ENTRY--PERSONAL NAME
Personal name Banwants, GJ.
245 ## - TITLE STATEMENT
Title Basic Food Microbiology
Medium Textual Documents
250 ## - EDITION STATEMENT
Edition statement 2004.
260 ## - PUBLICATION, DISTRIBUTION, ETC.
Place of publication, distribution, etc. [s.l]:
Name of publisher, distributor, etc. CBS Pub
300 ## - PHYSICAL DESCRIPTION
Extent 773 pg .
930 ## - EQUIVALENCE OR CROSS-REFERENCE-UNIFORM TITLE HEADING [LOCAL, CANADA]
Uniform title 9348
Holdings
Withdrawn status Lost status Damaged status Not for loan Collection Home library Current library Date acquired Source of acquisition Cost, normal purchase price Total Checkouts Full call number Barcode Date last seen Copy number Price effective from Koha item type
          Yashwantrao Mohite College of Arts, Science And Commerce, Pune Yashwantrao Mohite College of Arts, Science And Commerce, Pune 08/06/2021 Bharati Sahakari Madhyavarti Grahak Bhandar 325.00   576.163 BAN YMP-140020 24/02/2023 1 24/02/2023 Book